[Event "FIDE Chesscom Grand Swiss 2019"]
[Site "Douglas-Isle of Man"]
[Date "2019.10.13"]
[Round "4.10"]
[White "Aronian, Levon"]
[Black "Sevian, Samuel"]
[Result "1-0"]
[WhiteElo "2758"]
[BlackElo "2654"]
[Annotator "TA"]
[PlyCount "93"]
[EventDate "2019.10.10"]
[EventType "swiss"]
[EventCountry "GBR"]
[SourceTitle "playchess.com"]
[Source "ChessBase"]
[SourceQuality "1"]

{[%evp 18,93,6,0,13,0,0,0,-64,0,45,16,7,6,7,7,1,0,96,98,103,94,113,60,121,103,120,123,118,113,118,63,72,72,81,80,123,93,114,113,145,144,183,177,179,170,170,169,170,179,173,169,158,173,172,180,166,128,152,148,163,144,279,276,282,278,280,279,309,300,354,349,531,529,503,511,492,487]} 1. d4 Nf6 2. c4 e6 3. Nf3 d5 4. Nc3 c6 5. e3 Nbd7 6. Qc2 Bd6 7. Bd3 O-O 8. O-O dxc4 9. Bxc4 b5 10. Be2 a6 {D46: Semi-Slav: 5 e3 Nbd7 6 Bd3, Black avoids the Meran} 11. Ng5 (11. Rd1 Qc7 12. e4 e5 13. g3 Re8 14. a3 exd4 15. Nxd4 Be5 16. Bf3 c5 17. Nde2 Bb7 18. Be3 c4 19. b4 cxb3 20. Qxb3 Nc5 21. Bxc5 Qxc5 {½-½ (68) Mamedyarov,S (2764)-Carlsen,M (2882) Saint Louis 2019}) 11... Qc7 12. e4 Bxh2+ {The position is equal.} 13. Kh1 c5 14. e5 cxd4 15. exf6 Nxf6 16. f4 Bg3 17. Rf3 $40 {[%mdl 128] White attacks.} Be1 $146 {[#]} (17... h6 $11 {keeps the balance.} 18. Rxg3 hxg5) ({Predecessor:} 17... h6 18. Rxg3 hxg5 {½-½ (50) Sandstroem,L (2402)-Cattani,M (2445) ICCF email 2014}) 18. Bd3 $1 $16 {[%cal Rd3h7]} h6 ({Don't blunder} 18... dxc3 $2 19. Bxh7+ Kh8 20. Be4 $18) 19. Nh7 {Threatens to win with Nxf6+.} Nxh7 20. Bxh7+ Kh8 {Strongly threatening ...f5.} 21. Ne2 Qxc2 22. Bxc2 Bb7 23. Rf1 (23. Nxd4 $6 Bxf3 24. Nxf3 Bf2 $11) 23... Rac8 24. Bd3 (24. Bb3 $16 Bb4 25. Nxd4) 24... Bh4 25. Bd2 ({But not} 25. Nxd4 $2 Rfd8 $19) 25... Bd5 26. b3 Be7 27. Rfd1 Ba3 28. Bc1 Bb4 29. Bb2 Bc3 30. Nxc3 dxc3 31. Ba3 Rfd8 {next ...c2 is good for Black.} 32. Rac1 Bb7 {White should prevent ...Rd4.} 33. Bb4 Rd4 34. Bxc3 Rxf4 35. Kg1 Rg4 36. Bf1 Kg8 37. Be1 {[#] Black must now prevent Rxc8+.} Rxc1 38. Rxc1 Rd4 39. Rc7 Bd5 (39... Be4 $16 {might work better.} 40. Ra7 Rd6) 40. Be2 $18 Be4 41. Bh5 f6 42. Bf7+ Kh8 43. Bxe6 Rd1 44. Kf2 Rb1 (44... Ra1 $142 45. Bb4 Rxa2+ 46. Ke3 Bb1) 45. Bb4 {White is clearly winning.} Rb2+ 46. Ke3 Bb1 47. g4 {Accuracy: White = 86%, Black = 60%.} 1-0

[Event "FIDE Chesscom Grand Swiss 2019"]
[Site "Douglas-Isle of Man"]
[Date "2019.10.13"]
[Round "4.10"]
[White "Oparin, Grigoriy"]
[Black "Efimenko, Zahar"]
[Result "1/2-1/2"]
[WhiteElo "2654"]
[BlackElo "2604"]
[Annotator "TA"]
[PlyCount "61"]
[EventDate "2019.10.10"]
[EventType "swiss"]
[EventCountry "GBR"]
[SourceTitle "playchess.com"]
[Source "ChessBase"]
[SourceQuality "1"]

{[%evp 9,61,10,29,19,19,19,19,14,19,23,23,16,14,19,12,12,17,17,15,9,9,12,19,11,18,12,11,20,13,0,0,0,0,0,0,0,0,0,0,0,0,0,0,0,0,0,0,0,0,0,0,0,0,0]} 1. Nf3 Nf6 2. c4 c5 3. Nc3 d5 4. cxd5 Nxd5 5. e3 Nxc3 6. dxc3 {A34: Symmetrical English: 2 Nc3, lines with ...d5} Qc7 7. e4 Nc6 8. Qd5 $146 ({Predecessor:} 8. Qd2 e6 {½-½ (45) Bluebaum,M (2631)-Vachier Lagrave,M (2789) Karlsruhe/Baden-Baden 2018}) 8... e6 9. Qg5 f6 10. Qh5+ Qf7 {The position is equal.} 11. Qxf7+ Kxf7 12. Be3 e5 13. Bc4+ Be6 14. Bxe6+ Kxe6 15. O-O-O Be7 16. Rd5 b6 17. Rhd1 Rad8 18. Kc2 Na5 19. Rxd8 (19. b3 {is more complex.} Nb7 20. a4 g6 21. h3 h5 22. Nh4) 19... Rxd8 20. Rxd8 Bxd8 $11 {[%mdl 4096] Endgame KBN-KBN} 21. Nd2 c4 22. b4 cxb3+ $1 23. axb3 Nc6 24. b4 b5 25. Nb3 a5 26. bxa5 Nxa5 27. Nxa5 Bxa5 28. Bc5 h5 29. f3 g6 30. Kd3 f5 31. h3 {Accuracy: White = 73%, Black = 87%.} 1/2-1/2

[Event "FIDE Chesscom Grand Swiss 2019"]
[Site "Douglas-Isle of Man"]
[Date "2019.10.13"]
[Round "4.11"]
[White "Kasimdzhanov, Rustam"]
[Black "Harikrishna, Pentala"]
[Result "1/2-1/2"]
[WhiteElo "2657"]
[BlackElo "2748"]
[Annotator "TA"]
[PlyCount "61"]
[EventDate "2019.10.10"]
[EventType "swiss"]
[EventCountry "GBR"]
[SourceTitle "playchess.com"]
[Source "ChessBase"]
[SourceQuality "1"]

{[%evp 13,61,20,22,15,28,12,25,6,6,0,30,19,18,18,5,6,20,0,0,15,21,0,20,0,8,0,6,0,19,10,26,-20,-24,-26,-45,-35,-12,-8,-23,-10,-8,-12,0,0,0,0,0,0,0,-2]} 1. e4 e5 2. Nf3 Nc6 3. Bc4 Bc5 4. c3 Nf6 5. d3 d6 6. O-O a6 7. a4 h6 8. Re1 {C54: Giuoco Piano: 4 c3 Nf6, main lines with 5 d4 and 5 d3} O-O 9. h3 Ba7 10. Bb3 {White has an edge.} (10. Nbd2 Re8 11. b4 Be6 12. Bxe6 Rxe6 13. Nf1 Qd7 14. Be3 Bxe3 15. Nxe3 d5 {1-0 (53) Vachier Lagrave,M (2774)-Aronian,L (2758) Khanty-Mansiysk 2019}) 10... Re8 11. a5 $146 ({Predecessor:} 11. Nbd2 Nh5 12. Nf1 Qf6 13. Ne3 Nf4 14. Ng4 Qg6 15. Nh4 Qg5 {½-½ (15) Guevara,F (2349)-Vera Cruz,A (2278) ICCF email 2012}) 11... b5 12. axb6 cxb6 13. Nbd2 b5 14. Nf1 Be6 15. Bc2 d5 16. exd5 Bxd5 17. Be3 a5 18. N3d2 Qc7 19. Bxa7 Nxa7 20. Ne3 Be6 21. Qf3 Nc6 22. Nf5 Nd4 23. Nxd4 exd4 24. c4 Bd7 25. Rxe8+ Rxe8 26. Qd1 Rb8 {The position is equal.} 27. cxb5 Rxb5 28. Ba4 $1 {[%cal Ra4b5]} Rxb2 29. Bxd7 Nxd7 30. Nc4 Rb5 31. Qe1 {Accuracy: White = 43%, Black = 50%.} 1/2-1/2

[Event "FIDE Chesscom Grand Swiss 2019"]
[Site "Douglas-Isle of Man"]
[Date "2019.10.13"]
[Round "4.11"]
[White "Motylev, Alexander"]
[Black "Erdos, Viktor"]
[Result "1/2-1/2"]
[WhiteElo "2651"]
[BlackElo "2604"]
[Annotator "RC"]
[PlyCount "61"]
[EventDate "2019.10.10"]
[EventType "swiss"]
[EventCountry "GBR"]
[SourceTitle "playchess.com"]
[Source "ChessBase"]
[SourceQuality "1"]
[TimeControl "40/6000+30:20/3000+30:900+30"]

1. e4 {[%emt 0:00:00]} e5 {[%emt 0:00:00]} 2. Nf3 {[%emt 0:00:00]} Nc6 {[%emt 0:00:00]} 3. Bb5 {[%emt 0:00:00]} a6 {[%emt 0:00:00]} 4. Ba4 {[%emt 0:00:00]} Nf6 {[%emt 0:00:00]} 5. Nc3 {[%emt 0:00:12]} Bc5 {[%emt 0:03:05]} 6. Bxc6 {[%emt 0:00:25]} dxc6 {[%emt 0:00:15]} 7. d3 {[%emt 0:00:05]} Be6 {[%emt 0:26:14]} 8. Qe2 {[%emt 0:04:45]} Qd6 {[%emt 0:08:27]} 9. Ng5 {[%emt 0:01:48]} Bg4 {[%emt 0:07:37]} 10. f3 {[%emt 0:00:55]} Bd7 {[%emt 0:00:41]} 11. f4 {[%emt 0:00:29]} Bg4 {[%emt 0:02:17]} 12. fxe5 {[%emt 0:21:16]} Qxe5 {[%emt 0:00:29]} 13. Nf3 {[%emt 0:00:04]} Qe7 {[%emt 0:07:04]} 14. Bg5 {[%emt 0:02:58]} h6 {[%emt 0:01:05]} 15. Bh4 {[%emt 0:00:46]} O-O-O {[%emt 0:19:55]} 16. O-O-O {[%emt 0:06:49]} g5 {[%emt 0:01:38]} 17. Bf2 {[%emt 0:12:47]} Nh5 {[%emt 0:01:42]} 18. h3 {[%emt 0:12:46]} Nf4 {[%emt 0:01:08]} 19. Qf1 {[%emt 0:02:32]} Be6 {[%emt 0:13:06]} 20. Kb1 {[%emt 0:03:42]} Kb8 {[%emt 0:01:01]} 21. Na4 {[%emt 0:08:53]} Bxf2 {[%emt 0:07:14]} 22. Qxf2 {[%emt 0:00:23]} f5 {[%emt 0:03:39]} 23. Rhe1 {[%emt 0:03:54]} fxe4 {[%emt 0:00:25]} 24. Rxe4 {[%emt 0:00:06]} Qf6 {[%emt 0:00:43]} 25. Nc5 {[%emt 0:06:15]} Bc8 {[%emt 0:00:05]} 26. Ne5 {[%emt 0:01:52]} Rhf8 {[%emt 0:00:54]} 27. Rde1 {[%emt 0:00:55]} b6 {[%emt 0:00:50]} 28. Nb3 {[%emt 0:02:42]} Bb7 {[%emt 0:02:04]} 29. g3 {[%emt 0:08:25]} Nd5 {[%emt 0:01:19]} 30. Qe2 {[%emt 0:01:53]} c5 {[%emt 0:00:28]} 31. a3 {[%emt 0:00:46]} 1/2-1/2

[Event "FIDE Chesscom Grand Swiss 2019"]
[Site "Douglas-Isle of Man"]
[Date "2019.10.13"]
[Round "4.12"]
[White "Wojtaszek, Radoslaw"]
[Black "Melkumyan, Hrant"]
[Result "1-0"]
[WhiteElo "2748"]
[BlackElo "2650"]
[Annotator "TA"]
[PlyCount "173"]
[EventDate "2019.10.10"]
[EventType "swiss"]
[EventCountry "GBR"]
[SourceTitle "playchess.com"]
[Source "ChessBase"]
[SourceQuality "1"]

{[%evp 20,173,87,88,100,113,91,94,100,80,91,50,91,85,89,101,159,164,182,166,194,216,255,242,244,189,191,210,190,185,183,210,200,201,191,95,94,87,126,127,127,139,133,131,127,133,137,130,154,164,169,178,180,183,182,182,187,165,180,193,206,189,217,210,210,210,210,199,206,204,195,205,293,279,263,245,246,251,231,245,244,251,269,260,255,255,257,220,248,234,303,257,275,257,433,421,591,577,763,567,562,541,518,515,658,655,648,622,1334,1073,1350,1298,914,1239,1286,1302,1288,1097,908,395,395,395,395,395,389,372,402,402,872,860,859,845,820,776,709,651,1052,1052,1037,1037,1030,1030,982,956,919,729,1046,944,1139,907,12839,12837,12842,12841,12847,12847]} 1. d4 Nf6 2. c4 e6 3. g3 d5 4. Bg2 dxc4 5. Nf3 Nc6 6. Qa4 Bb4+ 7. Bd2 Nd5 8. Bxb4 Ndxb4 9. O-O O-O 10. a3 Nd5 11. Qxc4 Qe7 {E04: Open Catalan: 5 Nf3} (11... Bd7 12. Nbd2 Na5 13. Qc2 Bb5 14. Ne4 h6 15. Rfe1 Rc8 16. Nc3 Nxc3 17. Qxc3 Nc4 18. a4 Ba6 19. b4 {1-0 (39) Smirnov,P (2592)-Savchenko,B (2598) Khanty-Mansiysk 2014}) 12. Nbd2 a5 $146 ({Predecessor:} 12... Rd8 13. Rac1 Bd7 14. Nb3 Nb6 15. Qc5 Qd6 16. Qc2 {1-0 (30) Budai,D (2282)-Sarosi,Z (2320) Hungary 2011}) 13. Rac1 Rd8 {White is better.} 14. Rfd1 Bd7 15. Nb3 Be8 16. e4 Nf6 17. d5 b5 ({Better is} 17... exd5 18. exd5 Ne5) 18. Qc2 $1 $16 (18. Qxb5 exd5 19. Rxc6 dxe4 $11) 18... exd5 19. exd5 Nxd5 20. Nh4 Qe5 21. Re1 Qg5 22. Nf5 a4 23. Nc5 {Black must now prevent Nb7.} g6 24. Nb7 Rdb8 25. Bxd5 Qxf5 26. Qxf5 gxf5 {[#]} 27. Nc5 ({Resist} 27. Bxc6 $6 Bxc6 28. Rxc6 Rxb7 $14) (27. Rxe8+ $1 $18 {[%mdl 512]} Rxe8 28. Rxc6 (28. Bxc6 Re2 $16)) 27... Rb6 28. Nd3 {Hoping for Nb4.} Bd7 29. Nb4 Nxb4 30. Bxa8 Nd3 31. Rxc7 {Threatens to win with Rd1.} Nxe1 32. Rxd7 {[%mdl 4096] Endgame KRB-KRN} b4 33. Bd5 bxa3 34. bxa3 ({Inferior is} 34. Bxf7+ Kf8 $17) 34... Rf6 {[#]} 35. Ra7 $1 Nc2 36. Rxa4 Rd6 37. Bb3 Nd4 38. Bc4 Kg7 39. Kg2 f4 40. gxf4 Rg6+ {[#]} 41. Kf1 $1 Rh6 42. Ra7 Rf6 43. Rd7 Ne6 44. f5 Nc5 45. Rd5 Rc6 (45... Na4 $142 46. Bd3 Rb6) 46. Bb5 $18 Rc8 47. a4 Ne4 48. Rd4 Nc3 49. Bd3 Ra8 50. Bc2 Kf6 51. Ke1 Ke5 52. Rh4 Nd5 53. Re4+ Kf6 54. Kd2 Rd8 55. Bd3 Ne7 56. Kc2 Rg8 $2 (56... Ra8 {might work better.} 57. Rc4 Ke5) 57. a5 {[%cal Ba4a5,Ba5a6][%mdl 32]} Rg2 (57... Ra8 $142 58. a6 Nc6) 58. a6 Rxf2+ 59. Re2 Rf4 60. Be4 {And now a7 would win.} Nc8 61. Kd3 Rh4 62. Rc2 Rh3+ 63. Kd4 Na7 64. Bd3 Rh4+ 65. Kc5 Rh3 66. Bc4 Re3 67. Kb6 Nc8+ 68. Kc7 Na7 69. Kb8 (69. Bd5 $142) 69... Nc6+ 70. Kb7 Nb4 71. Rf2 Nxa6 72. Kxa6 {KRB-KR} ({Don't take} 72. Bxa6 Rc3 $18) 72... h5 73. Kb6 h4 (73... Re4 $142 74. Bd3 Rd4) 74. Kc6 {White is clearly winning.} Re4 75. Bd3 Re3 76. Bc2 Re5 77. Kd6 h3 78. Bd3 Re3 79. Rd2 Re5 80. Bc2 Ra5 81. Be4 Re5 82. Re2 Ra5 83. Bd3 Kg5 84. Re3 Kg4 85. Ke7 Ra2 86. f6 Rxh2 87. Bf1 {Accuracy: White = 84%, Black = 48%.} 1-0

[Event "FIDE Chesscom Grand Swiss 2019"]
[Site "Douglas-Isle of Man"]
[Date "2019.10.13"]
[Round "4.12"]
[White "Chigaev, Maksim"]
[Black "Yilmaz, Mustafa"]
[Result "1/2-1/2"]
[WhiteElo "2644"]
[BlackElo "2595"]
[Annotator "RC"]
[PlyCount "64"]
[EventDate "2019.10.10"]
[EventType "swiss"]
[EventCountry "GBR"]
[SourceTitle "playchess.com"]
[Source "ChessBase"]
[SourceQuality "1"]
[TimeControl "40/6000+30:20/3000+30:900+30"]

1. d4 {[%emt 0:00:00]} Nf6 {[%emt 0:01:03]} 2. c4 {[%emt 0:00:00]} e6 {[%emt 0:00:13]} 3. Nc3 {[%emt 0:00:00]} Bb4 {[%emt 0:00:19]} 4. Qc2 {[%emt 0:00:00]} O-O {[%emt 0:00:42]} 5. e4 {[%emt 0:00:00]} d5 {[%emt 0:00:39]} 6. e5 {[%emt 0:00:32]} Ne4 {[%emt 0:00:23]} 7. Bd3 {[%emt 0:00:07]} c5 {[%emt 0:00:21]} 8. Nf3 {[%emt 0:00:06]} cxd4 {[%emt 0:00:39]} 9. Nxd4 {[%emt 0:00:08]} Nd7 {[%emt 0:00:03]} 10. Bf4 {[%emt 0:00:11]} Qh4 {[%emt 0:00:49]} 11. g3 {[%emt 0:00:07]} Qh5 {[%emt 0:00:05]} 12. h4 {[%emt 0:00:05]} Nxe5 {[%emt 0:02:26]} 13. Be2 {[%emt 0:00:47]} Ng4 {[%emt 0:00:31]} 14. Bxg4 {[%emt 0:01:24]} Qxg4 {[%emt 0:00:32]} 15. f3 {[%emt 0:00:08]} Qh5 {[%emt 0:00:03]} 16. g4 {[%emt 0:00:49]} Qg6 {[%emt 0:00:10]} 17. fxe4 {[%emt 0:00:06]} e5 {[%emt 0:00:40]} 18. Bxe5 {[%emt 0:00:10]} Bxg4 {[%emt 0:03:46]} 19. exd5 {[%emt 0:05:11]} Rae8 {[%emt 0:03:12]} 20. Qxg6 {[%emt 0:00:21]} fxg6 {[%emt 0:02:55]} 21. Ne6 {[%emt 0:20:56]} Bxe6 {[%emt 0:03:10]} 22. O-O-O {[%emt 0:00:23]} Bg4 {[%emt 0:10:07]} 23. Rde1 {[%emt 0:00:12]} Rc8 {[%emt 0:04:01]} 24. a3 {[%emt 0:20:12]} Bxc3 {[%emt 0:04:55]} 25. Bxc3 {[%emt 0:00:07]} Rxc4 {[%emt 0:00:08]} 26. Re7 {[%emt 0:00:05]} Rf7 {[%emt 0:00:09]} 27. Rhe1 {[%emt 0:02:07]} Bd7 {[%emt 0:15:54]} 28. d6 {[%emt 0:02:16]} Rcf4 {[%emt 0:05:27]} 29. Re8+ {[%emt 0:00:10]} Rf8 {[%emt 0:00:10]} 30. R8e7 {[%emt 0:00:05]} R8f7 {[%emt 0:00:04]} 31. Re8+ {[%emt 0:00:08]} Rf8 {[%emt 0:00:04]} 32. R8e7 {[%emt 0:00:05]} R8f7 {[%emt 0:00:05]} 1/2-1/2

[Event "FIDE Chesscom Grand Swiss 2019"]
[Site "Douglas-Isle of Man"]
[Date "2019.10.13"]
[Round "4.13"]
[White "Sarana, Alexey"]
[Black "Artemiev, Vladislav"]
[Result "1/2-1/2"]
[WhiteElo "2655"]
[BlackElo "2746"]
[Annotator "TA"]
[PlyCount "63"]
[EventDate "2019.10.10"]
[EventType "swiss"]
[EventCountry "GBR"]
[SourceTitle "playchess.com"]
[Source "ChessBase"]
[SourceQuality "1"]

{[%evp 12,63,26,38,50,15,21,14,11,14,17,0,17,5,42,32,23,0,14,20,13,14,12,13,9,2,12,15,23,29,21,0,0,0,0,0,0,0,0,0,4,0,0,0,0,0,0,0,0,0,0,0,0,-6]} 1. d4 d5 2. c4 dxc4 3. Nf3 Nf6 4. e3 c5 5. Bxc4 e6 6. O-O a6 7. b3 b6 {D27: Queen's Gambit Accepted: Classical main line: 7 e4!? and 7 a4} (7... cxd4 8. Nxd4 Be7 9. Bb2 O-O 10. Nd2 b5 11. Be2 Bb7 12. a4 Nc6 13. Bf3 Nd5 14. axb5 Nxd4 15. Bxd4 axb5 16. Ne4 b4 17. Qd2 {½-½ (38) So,W (2763)-Mamedyarov,S (2765) Riga 2019}) 8. Bb2 Bb7 9. Qe2 Nbd7 10. Rd1 b5 11. Bd3 cxd4 12. Nxd4 $146 ({Predecessor:} 12. Bxd4 Qc7 13. Qc2 Bd6 14. Qxc7 Bxc7 15. Be2 O-O {½-½ (15) Molina,J (2155)-Toth,P (2175) Rio de Janeiro 1999}) 12... Bd6 13. a4 bxa4 14. bxa4 Qb8 15. h3 Ne5 16. Ba3 Bxa3 17. Nxa3 O-O 18. Nc4 Nxc4 19. Bxc4 Qe5 20. Rab1 Be4 21. Rb6 {[%cal Rd4e6] The position is equal.} Qa5 22. Rxa6 Rxa6 23. Bxa6 Qxa4 24. Bd3 Qa8 25. Bxe4 Qxe4 26. Qf3 h6 27. Rc1 Rb8 28. Qxe4 Nxe4 29. f3 Nf6 30. Kf2 Nd5 31. Rc2 g5 32. e4 {Accuracy: White = 67%, Black = 63%.} 1/2-1/2

[Event "FIDE Chesscom Grand Swiss 2019"]
[Site "Douglas-Isle of Man"]
[Date "2019.10.13"]
[Round "4.13"]
[White "Narayanan.S.L"]
[Black "Zvjaginsev, Vadim"]
[Result "1/2-1/2"]
[WhiteElo "2611"]
[BlackElo "2644"]
[Annotator "RC"]
[PlyCount "99"]
[EventDate "2019.10.10"]
[EventType "swiss"]
[EventCountry "GBR"]
[SourceTitle "playchess.com"]
[Source "ChessBase"]
[SourceQuality "1"]
[TimeControl "40/6000+30:20/3000+30:900+30"]

1. e4 {[%emt 0:00:00]} e6 {[%emt 0:00:00]} 2. d4 {[%emt 0:00:00]} d5 {[%emt 0:00:00]} 3. Nc3 {[%emt 0:00:00]} Nf6 {[%emt 0:00:02]} 4. e5 {[%emt 0:00:00]} Nfd7 {[%emt 0:00:07]} 5. f4 {[%emt 0:00:00]} c5 {[%emt 0:00:15]} 6. Nf3 {[%emt 0:00:02]} Nc6 {[%emt 0:00:10]} 7. Be3 {[%emt 0:00:07]} cxd4 {[%emt 0:01:07]} 8. Nxd4 {[%emt 0:00:08]} Bc5 {[%emt 0:00:15]} 9. Qd2 {[%emt 0:01:14]} a6 {[%emt 0:00:33]} 10. O-O-O {[%emt 0:02:29]} Nxd4 {[%emt 0:00:29]} 11. Bxd4 {[%emt 0:00:07]} Qc7 {[%emt 0:00:16]} 12. h4 {[%emt 0:07:42]} b5 {[%emt 0:01:08]} 13. h5 {[%emt 0:03:28]} Bxd4 {[%emt 0:10:10]} 14. Qxd4 {[%emt 0:00:07]} Qc5 {[%emt 0:00:09]} 15. Rh3 {[%emt 0:14:11]} Qxd4 {[%emt 0:12:14]} 16. Rxd4 {[%emt 0:00:17]} Nb8 {[%emt 0:05:02]} 17. Rg3 {[%emt 0:21:02]} Nc6 {[%emt 0:02:08]} 18. Rd2 {[%emt 0:02:18]} O-O {[%emt 0:13:35]} 19. Ne2 {[%emt 0:04:31]} f6 {[%emt 0:03:48]} 20. exf6 {[%emt 0:04:47]} Rxf6 {[%emt 0:00:06]} 21. Rc3 {[%emt 0:00:41]} Bd7 {[%emt 0:04:22]} 22. g3 {[%emt 0:01:46]} Be8 {[%emt 0:05:28]} 23. Bg2 {[%emt 0:03:50]} Kf8 {[%emt 0:07:51]} 24. g4 {[%emt 0:03:41]} Rd8 {[%emt 0:03:53]} 25. a3 {[%emt 0:02:30]} Rd6 {[%emt 0:04:10]} 26. Re3 {[%emt 0:03:02]} Rf7 {[%emt 0:05:13]} 27. b3 {[%emt 0:10:07]} Re7 {[%emt 0:04:55]} 28. Ng3 {[%emt 0:04:56]} Red7 {[%emt 0:01:24]} 29. Red3 {[%emt 0:00:44]} Ne7 {[%emt 0:02:30]} 30. Ne4 {[%emt 0:01:44]} Rc6 {[%emt 0:00:59]} 31. Ng5 {[%emt 0:01:47]} h6 {[%emt 0:00:56]} 32. Nf3 {[%emt 0:00:05]} Rcd6 {[%emt 0:00:59]} 33. Re2 {[%emt 0:02:57]} Nc6 {[%emt 0:01:17]} 34. Nh4 {[%emt 0:02:25]} Bf7 {[%emt 0:02:18]} 35. Kb2 {[%emt 0:04:58]} Ne7 {[%emt 0:04:51]} 36. Nf3 {[%emt 0:00:50]} Rc7 {[%emt 0:01:55]} 37. Ne5 {[%emt 0:01:19]} Be8 {[%emt 0:01:49]} 38. Rde3 {[%emt 0:00:28]} Bf7 {[%emt 0:03:22]} 39. Bh3 {[%emt 0:01:39]} d4 {[%emt 0:03:29]} 40. Rd3 {[%emt 0:01:05]} Rc3 {[%emt 0:01:41]} 41. Rxc3 {[%emt 0:54:14]} dxc3+ {[%emt 0:50:05]} 42. Kxc3 {[%emt 0:00:04]} Nd5+ {[%emt 0:00:10]} 43. Kb2 {[%emt 0:00:05]} Nxf4 {[%emt 0:00:29]} 44. Rf2 {[%emt 0:00:15]} Rd5 {[%emt 0:00:28]} 45. Rxf4 {[%emt 0:00:00]} Rxe5 {[%emt 0:00:00]} 46. Bf1 {[%emt 0:00:00]} Ke7 {[%emt 0:00:00]} 47. c4 {[%emt 0:00:00]} g6 {[%emt 0:00:00]} 48. cxb5 {[%emt 0:00:00]} axb5 {[%emt 0:00:00]} 49. hxg6 {[%emt 0:00:00]} Bxg6 {[%emt 0:00:00]} 50. a4 {[%emt 0:00:00]} 1/2-1/2

[Event "FIDE Chesscom Grand Swiss 2019"]
[Site "Douglas-Isle of Man"]
[Date "2019.10.13"]
[Round "4.14"]
[White "Nakamura, Hikaru"]
[Black "Mamedov, Rauf"]
[Result "1/2-1/2"]
[WhiteElo "2745"]
[BlackElo "2645"]
[Annotator "TA"]
[PlyCount "60"]
[EventDate "2019.10.10"]
[EventType "swiss"]
[EventCountry "GBR"]
[SourceTitle "playchess.com"]
[Source "ChessBase"]
[SourceQuality "1"]

{[%evp 12,60,13,15,54,24,31,25,29,27,32,22,29,9,17,6,6,6,6,5,5,17,21,27,28,29,33,29,33,0,0,0,0,0,0,0,0,0,0,0,0,-14,-14,-14,-15,-22,0,0,0,0,0]} 1. e4 c5 2. Nf3 Nc6 3. Bb5 g6 4. O-O Bg7 5. Re1 Nf6 6. Bxc6 dxc6 7. d3 h6 $146 {B31: Sicilian: 2...Nc6 3 Bb5 g6} ({Predecessor:} 7... Bg4 8. Nbd2 Nd7 9. h3 Bxf3 10. Nxf3 e5 11. Be3 O-O 12. a3 a5 13. Qd2 a4 14. b4 axb3 15. cxb3 {1-0 (67) Caruana,F (2828)-Cordova,E (2597) chess.com INT 2019}) 8. Nc3 Bg4 9. h3 Bxf3 {White has an edge.} 10. Qxf3 Nd7 11. Qg3 e5 12. Be3 Qe7 13. a3 Nf8 14. b4 Ne6 15. bxc5 Nxc5 16. a4 Ne6 17. a5 O-O 18. Ne2 Kh7 19. Rab1 Qc7 20. f4 exf4 {The position is equal.} 21. Nxf4 b5 22. axb6 axb6 23. Qf2 ({Don't play} 23. Rxb6 Nxf4 24. Qxf4 Qxf4 $17) 23... b5 24. Rf1 Nxf4 25. Bxf4 Qd7 26. Be3 f5 27. exf5 $1 Rxf5 28. Qd2 Raf8 29. Rxf5 Qxf5 30. Re1 Qd5 {Accuracy: White = 64%, Black = 89%.} 1/2-1/2

[Event "FIDE Chesscom Grand Swiss 2019"]
[Site "Douglas-Isle of Man"]
[Date "2019.10.13"]
[Round "4.14"]
[White "Abdusattorov, Nodirbek"]
[Black "Piorun, Kacper"]
[Result "1-0"]
[WhiteElo "2608"]
[BlackElo "2643"]
[Annotator "RC"]
[PlyCount "99"]
[EventDate "2019.10.10"]
[EventType "swiss"]
[EventCountry "GBR"]
[SourceTitle "playchess.com"]
[Source "ChessBase"]
[SourceQuality "1"]
[TimeControl "40/6000+30:20/3000+30:900+30"]

1. e4 {[%emt 0:00:00]} c6 {[%emt 0:00:00]} 2. d4 {[%emt 0:00:22]} d5 {[%emt 0:00:00]} 3. Nc3 {[%emt 0:00:06]} dxe4 {[%emt 0:00:00]} 4. Nxe4 {[%emt 0:00:07]} Nf6 {[%emt 0:00:00]} 5. Nxf6+ {[%emt 0:00:12]} exf6 {[%emt 0:00:00]} 6. Bc4 {[%emt 0:00:28]} Bd6 {[%emt 0:00:33]} 7. Qe2+ {[%emt 0:00:33]} Qe7 {[%emt 0:08:45]} 8. Qxe7+ {[%emt 0:00:45]} Kxe7 {[%emt 0:00:06]} 9. Ne2 {[%emt 0:00:21]} Be6 {[%emt 0:09:10]} 10. Bd3 {[%emt 0:00:27]} Nd7 {[%emt 0:01:58]} 11. Bf4 {[%emt 0:01:03]} Rhe8 {[%emt 0:03:26]} 12. O-O-O {[%emt 0:01:40]} Nb6 {[%emt 0:03:01]} 13. Rhe1 {[%emt 0:04:39]} Nd5 {[%emt 0:01:48]} 14. Bxd6+ {[%emt 0:03:30]} Kxd6 {[%emt 0:00:05]} 15. Be4 {[%emt 0:10:39]} h6 {[%emt 0:20:38]} 16. b3 {[%emt 0:13:50]} b5 {[%emt 0:14:22]} 17. Bxd5 {[%emt 0:03:39]} Bxd5 {[%emt 0:00:11]} 18. f3 {[%emt 0:01:46]} f5 {[%emt 0:09:05]} 19. Kd2 {[%emt 0:05:42]} c5 {[%emt 0:09:18]} 20. dxc5+ {[%emt 0:03:50]} Kxc5 {[%emt 0:00:03]} 21. Nf4 {[%emt 0:00:37]} g5 {[%emt 0:01:24]} 22. Nxd5 {[%emt 0:04:11]} Kxd5 {[%emt 0:00:02]} 23. Re3 {[%emt 0:13:55]} Rxe3 {[%emt 0:03:35]} 24. Kxe3+ {[%emt 0:00:09]} Kc6 {[%emt 0:00:05]} 25. Rd4 {[%emt 0:00:17]} f4+ {[%emt 0:03:23]} 26. Kd3 {[%emt 0:05:48]} a6 {[%emt 0:02:58]} 27. h4 {[%emt 0:08:28]} f5 {[%emt 0:01:29]} 28. h5 {[%emt 0:03:15]} Re8 {[%emt 0:04:49]} 29. Kd2 {[%emt 0:00:23]} Rg8 {[%emt 0:04:01]} 30. c3 {[%emt 0:01:44]} Kc5 {[%emt 0:04:25]} 31. Rd7 {[%emt 0:01:35]} g4 {[%emt 0:00:01]} 32. Rf7 {[%emt 0:01:13]} Rg5 {[%emt 0:01:02]} 33. fxg4 {[%emt 0:00:30]} Rxg4 {[%emt 0:01:07]} 34. Rxf5+ {[%emt 0:00:22]} Kd6 {[%emt 0:00:07]} 35. Rf6+ {[%emt 0:01:59]} Ke5 {[%emt 0:00:01]} 36. Rg6 {[%emt 0:00:42]} Rh4 {[%emt 0:01:38]} 37. Rxh6 {[%emt 0:05:40]} Rh2 {[%emt 0:00:04]} 38. Rxa6 {[%emt 0:01:01]} Rxg2+ {[%emt 0:00:20]} 39. Ke1 {[%emt 0:01:12]} Ke4 {[%emt 0:05:25]} 40. h6 {[%emt 0:01:03]} Rh2 {[%emt 0:00:45]} 41. a4 {[%emt 0:56:16]} bxa4 {[%emt 0:02:33]} 42. bxa4 {[%emt 0:00:00]} f3 {[%emt 0:08:05]} 43. Rf6 {[%emt 0:00:00]} Ke3 {[%emt 0:01:31]} 44. Re6+ {[%emt 0:00:00]} Kf4 {[%emt 0:00:03]} 45. a5 {[%emt 0:00:00]} Rh1+ {[%emt 0:03:53]} 46. Kf2 {[%emt 0:00:00]} Rh2+ {[%emt 0:00:04]} 47. Kg1 {[%emt 0:00:00]} Rg2+ {[%emt 0:09:35]} 48. Kf1 {[%emt 0:00:00]} Ra2 {[%emt 0:01:38]} 49. h7 {[%emt 0:00:00]} Rh2 {[%emt 0:00:35]} 50. Re7 {[%emt 0:00:00]} 1-0